Horror Movie Villians - Statistics

General Stats
  • This quiz has been taken 213 times
  • The average score is 9 of 20
Answer Stats
Horror Movie Villian % Correct
a Nightmare on Elm Street Freddy Krueger
94%
It Pennywise
87%
Scream Ghostface
85%
The Texas Chainsaw Massacre Leatherface
83%
Halloween Michael Myers
79%
Child's Play Chucky
78%
Saw Jigsaw
76%
Friday the 13th Jason Voorhees
66%
Hellraiser Pinhead
63%
Psycho Norman Bates
41%
The RIng Samara Morgan
40%
Friday the 13th part 1 Pamela Voorhees
39%
Alien Xenomorph
39%
The Shining Jack Torrance
37%
Hatchet Victor Crowley
11%
Wrong Turn Three Finger
8%
Friday the 13th part 5: a New Beginning Roy Burns
7%
I know what you did last summer Benjamin Willis
1%
Terror Train Kenny Hampson
1%
Hostel The Dutch Businessman
1%
No matching quizzes found
Score Distribution
Percent of People with Each Score
Percentile by Number Answered
Your Score History
You have not taken this quiz